000 00650nam a2200169Ia 4500
008 110201s9999 xx 000 0 und d
082 _bB10639
_aS 2061
100 _aडॉ. दाभोलकर नरेंद्र
245 _aतिमिरातुनी तेजाकडे
260 _bराजहंस प्रकाशन
365 _b400
600 _aडॉ. दाभोलकर नरेंद्र
630 _aतिमिरातुनी तेजाकडे
700 _aडॉ. दाभोलकर नरेंद्र
730 _aतिमिरातुनी तेजाकडे
942 _cBOOK
999 _c836036
_d836033